000 00616nam a2200193 i 4500
001 163566
003 ES-MaACL
005 20250815062540.0
008 050714s1865 xxk | |||||||| ||eng d
040 _aCAM
_bspa
_cCAM
100 1 _aRitter, Carl.
_9131837
245 1 0 _aComparative geography /
_cby Carl Ritter; translated by William L. Gage.
260 _aEdinburgh ;
_aand London :
_bWiliam Blackwood and sons,
_c1865.
300 _aXIII, 223 p. ;
_c17 cm.
650 7 _aGeografĂ­a
_2embne
_913070
700 0 _aGage, William L.
_953221
852 _aES-MaACL
_jG-13248
_z-- Enc. tela
999 _c163566
_d163566